000 00448nam a22001697a 4500
005 20160616122312.0
008 160616b xxu||||| |||| 00| 0 eng d
020 _a81-259-1205-3
041 _aeng
082 _b7973
100 _aPeeru Mohamed, H and Sagadeven, A
_92102
245 _aCustomer Relationship Management
260 _aNew Delhi
_bVikas Publishing House (P) Ltd.
_c2004
300 _a222
650 _aManagement
_9241
942 _cBK
999 _c2942
_d2941